Karshika Vilakal / (Record no. 6237)
[ view plain ]
| 000 -LEADER | |
|---|---|
| fixed length control field | 00341cam a2200133ua 4500 |
| 082 ## - DEWEY DECIMAL CLASSIFICATION NUMBER | |
| Classification number | 633 |
| Item number | GOP/KA |
| 100 ## - MAIN ENTRY--AUTHOR NAME | |
| Personal name | Gopimony, R . |
| 245 ## - TITLE STATEMENT | |
| Title | Karshika Vilakal / |
| 250 ## - EDITION STATEMENT | |
| Edition statement | 2 / |
| 260 ## - PUBLICATION, DISTRIBUTION, ETC. (IMPRINT) | |
| Place of publication | Thiruvananthapuram : |
| Name of publisher | State Instititute of Languages , |
| Year of publication | 1970. |
| 300 ## - PHYSICAL DESCRIPTION | |
| Number of Pages | 1082 ; . |
| 700 1# - ADDED ENTRY--PERSONAL NAME | |
| Personal name | Sreenivasan, K N . |
| 942 ## - ADDED ENTRY ELEMENTS (KOHA) | |
| Koha item type | Books |
| Withdrawn status | Lost status | Damaged status | Home library | Current library | Date acquired | Full call number | Accession Number | Koha item type |
|---|---|---|---|---|---|---|---|---|
| Withdrawn | Damaged | KAUAET | KAUAET | 07/04/2012 | 633 | 13813 | Books | |
| Withdrawn | KAUAET | KAUAET | 07/04/2012 | 633 | 14019 | Books | ||
| KAUAET | KAUAET | 07/04/2012 | 633 | 14018 | Books | |||
| Withdrawn | KAUAET | KAUAET | 07/04/2012 | 633 | 13872 | Books | ||
| Withdrawn | KAUAET | KAUAET | 07/04/2012 | 633 | 13016 | Books | ||
| KAUAET | KAUAET | 07/04/2012 | 633 | 14022 | Books | |||
| Withdrawn | KAUAET | KAUAET | 07/04/2012 | 633 | 14017 | Books | ||
| KAUAET | KAUAET | 07/04/2012 | 633 | 13811 | Books | |||
| Withdrawn | KAUAET | KAUAET | 07/04/2012 | 633 | 14016 | Books | ||
| KAUAET | KAUAET | 07/04/2012 | 633 | 14021 | Books | |||
| KAUAET | KAUAET | 07/04/2012 | 633 | 14020 | Books | |||
| KAUAET | KAUAET | 26/10/2023 | 633 GOP/KA | 13038 | Books | |||
| Withdrawn | KAUAET | KAUAET | 16/11/2023 | 633 GOP/KA | 14023 | Books |
